Politics of development and environment : Towards a new civilization
Contents: Part I. Conceptualization of development and environment; Part II. Crisis of western civilization and the "faustian-man syndrome"; Part III. A critical theory of syndrome transformation and towards a new civilization.
Bewaard in:
| Hoofdauteur: | |
|---|---|
| Formaat: | Boek |
| Taal: | Undetermined |
| Gepubliceerd in: |
Tokyo, Japan
Tokai University Press
1980
|
| Onderwerpen: | |
| Tags: |
Voeg label toe
Geen labels, Wees de eerste die dit record labelt!
|
| Thư viện lưu trữ: | Trung tâm Học liệu Trường Đại học Cần Thơ |
|---|
| LEADER | 00885nam a2200217Ia 4500 | ||
|---|---|---|---|
| 001 | CTU_222286 | ||
| 008 | 210402s9999 xx 000 0 und d | ||
| 082 | |a 338.9 | ||
| 082 | |b U92 | ||
| 100 | |a Utsunomiya, Fukashi | ||
| 245 | 0 | |a Politics of development and environment : | |
| 245 | 0 | |b Towards a new civilization | |
| 245 | 0 | |c by Fukashi Utsunomiya | |
| 260 | |a Tokyo, Japan | ||
| 260 | |b Tokai University Press | ||
| 260 | |c 1980 | ||
| 520 | |a Contents: Part I. Conceptualization of development and environment; Part II. Crisis of western civilization and the "faustian-man syndrome"; Part III. A critical theory of syndrome transformation and towards a new civilization. | ||
| 650 | |a Economic development,Phát triển kinh tế | ||
| 650 | |x Social aspects,Khía cạnh xã hội | ||
| 904 | |i Tuyến | ||
| 980 | |a Trung tâm Học liệu Trường Đại học Cần Thơ | ||